Understanding Concept of Structural Analysis and Design (Record no. 14479)
[ view plain ]
| 000 -LEADER | |
|---|---|
| fixed length control field | 00291nam a22001097a 4500 |
| 082 ## - DEWEY DECIMAL CLASSIFICATION NUMBER | |
| Classification number | 624.171 |
| Item number | JAN/UN |
| 100 ## - MAIN ENTRY--AUTHOR NAME | |
| Personal name | Janak P. Parikh |
| 245 ## - TITLE STATEMENT | |
| Title | Understanding Concept of Structural Analysis and Design |
| 260 ## - PUBLICATION, DISTRIBUTION, ETC. (IMPRINT) | |
| Place of publication | Anand |
| Name of publisher | Charotar Publishing House |
| Year of publication | 2000 |
| 300 ## - PHYSICAL DESCRIPTION | |
| Number of Pages | 285 |
| 942 ## - ADDED ENTRY ELEMENTS (KOHA) | |
| Koha item type | Books |
| Withdrawn status | Lost status | Damaged status | Collection code | Home library | Current library | Shelving location | Date acquired | Source of acquisition | Cost, normal purchase price | Full call number | Accession Number | Koha item type |
|---|---|---|---|---|---|---|---|---|---|---|---|---|
| KAUAET | KAUAET | General Stacks | 07/07/2016 | Aman Book Stall, Calicut | 200.00 | 624.171 JAN/UN | 24956 | Books |
